New generation 1 : student's book /

Guardado en:
Autor Principal: Granger, Colin
Otros Autores: Beaumont, Digby
Formato: Libro
Publicado: Estados Unidos de América : Heinemann, 1986
Materias:
Etiquetas: Agregar Etiqueta
Sin Etiquetas, Sea el primero en etiquetar este registro!
LEADER 00508nam a22001815a 4500
001 CEM.cems007340
005 20060214000000.0
008 130507s1986##################000#0#####d
003 CEMS
082 0 4 |a 428.64 
100 1 |a Granger, Colin 
245 1 0 |a New generation 1 :  |b student's book / 
260 |a Estados Unidos de América :  |b Heinemann,  |c 1986 
300 |a 125 p. 
653 |a Ingles 
653 |a Ingles-textos 
700 1 |a Beaumont, Digby 
859 |a CEMS  |b BIB. CEMS - 11 de abril  |h 428.64  |i G765/I  |p 17180.93  |t Ej.1